12 kuukautta 15 sekunnissa - Statistics

Yleistilastot
  • Tätä visaa on pelattu 150 kertaa
  • Keskiarvotulos 6 / 12
Vastaustilastot
#Kuukausi Kuukausi % Oikein
1 tammikuu
98%
2 helmikuu
97%
3 maaliskuu
86%
4 huhtikuu
70%
5 toukokuu
63%
6 kesäkuu
52%
7 heinäkuu
43%
8 elokuu
35%
9 syyskuu
25%
12 joulukuu
16%
10 lokakuu
16%
11 marraskuu
13%
Ehtoja vastaavia visoja ei löytynyt
Tulosjakauma
Jokaisen tuloksen saaneiden osuus
Persentiili vastausten määrän mukaan
Tuloshistoriasi
Et ole pelannut tätä visaa